000 01393 a2200265 4500
001 147
005 20260407155413.0
008 260407a2003 arg spa d
003 AR-UNSa-BCEJYS
040 _aAR-UNSa-BCEJYS
_bspa
_cAR-UNSa-BCEJYS
080 _a004.67*E:658
_xExcel para Administración de Empresas
245 1 0 _aCaja y banco ; Soluciones con Microsoft Excel
_pAnálisis del negocio
020 _a987-20416-2-8
264 1 _aBuenos Aires :
_bEdiciones Maurina
_c2003
300 _a152 p.
_c20 cm
505 _a1. Introducción - 2. Caja diaria - 3. Caja con cuentas - 4. Administración de valores - 5. Sistema de bancos - 6. Equivalencias monetarias - 7. Forma de pago - 8. Recibos - 9. Listado de cobranzas - 10. Sistema de viáticos - 11. Control de gastos - 12. Planes de cuotas - 13. Configuración de la impresión de los archivos - 14. Plantillas en excel - 15. Combinar correspondencia - 16. Formatos Condicionales - 17. Operando con tablas dinámicas - 18. resumenes de datos mediante filtros
041 _aspa
942 _cBK
590 _aniveau_biblio:m niveau_hierar:0
100 1 _aGarcía Fronti, Matías S
700 1 _aPazos, Alejandro A.
650 _aEXCEL
856 4 1 _uhttps://biblioeco.unsa.edu.ar/pmb/images/libros/Caja y banco. Soluciones con Microsoft Excel Garc?a Fronti, Mat?as S (2003).jpg
_yImagen de portada
_qimage/jpeg
650 _a excel
999 _c116
_d116